00936cam a2200253 a 450000100100000000500170001000800410002704000290006808200170009710000380011424000360015224500740018826000400026230000200030253400560032250000110037865000310038965000460042070000410046691000280050704900090053595201210054499900170066500001825720200929165426.0921127s1965 sp 000 f spa d aDO-SdBNPbspacLCdBNPHU a813.5bC281f1 aCarleton, Jettad1913-199993954710aThe Moonflower Vine.lEspañol10aFlor de luna /cJetta Carleton ; traducción María Teresa Gispert. aBarcelona :bLuis de Caralt,c1965. a80 p. ;c17 cm. aTítulo de la obra original :tThe Moonflower Vine aPoems. 4aNovela estadounidense9262 4aLiteratura estadounidenseySIGLO XX968741 aGispert, María Teresa,etr.939548 aCatalogación derivada aBNGR 001054708MOaGRbGRcCTd2010-04-22iLF1l0o813.5 C281fp18257-10r2020-06-25w2020-06-25y4ZPréstamo en sala c17778d17778